| 000 | 01371nam a22004097a 4500 | ||
|---|---|---|---|
| 003 | OSt | ||
| 005 | 20230524092041.0 | ||
| 008 | 221006b |||||||| |||| 00| 0 eng d | ||
| 040 | _cBiblioteca Lado V | ||
| 082 |
_a700 _bA786l |
||
| 110 |
_9830 _aARTEDER _eEditor |
||
| 245 |
_aLAPIZ/ _bRevista Mensual de Arte/ |
||
| 260 |
_bFeria internacional de Bilbao _c1998 _aEspaƱa |
||
| 300 |
_c22x29cm _a120p. |
||
| 366 | _espa | ||
| 490 |
_a152 _vXVIII |
||
| 505 | _aEditorial | ||
| 505 | _aLuis Francisco Perez | ||
| 505 | _aRosa Olivares | ||
| 505 | _aFrancisco Javier San Martin | ||
| 505 | _aOlga Guinot | ||
| 505 | _aVivianne Loira | ||
| 505 | _aAdolfo Montejo Navas | ||
| 505 | _aGerardo Mosquera | ||
| 505 | _aExposiciones | ||
| 505 | _aActualidad y Publicaciones | ||
| 650 |
_2Tesauro de Arte & Arquitectura _aARTE _9703 |
||
| 650 |
_2Tesauro de Arte & Arquitectura _aARQUITECTURA |
||
| 650 |
_2Tesauro de Arte & Arquitectura _aFOTOGRAFIA _9702 |
||
| 650 |
_2Tesauro de Arte & Arquitectura _aENTREVISTAS |
||
| 650 |
_2Tesauro de Arte & Arquitectura _aARQUEOLOGIA |
||
| 650 |
_2Tesauro de Arte & Arquitectura _aREPORTAJES |
||
| 650 |
_2Tesauro de Arte & Arquitectura _aLIBROS |
||
| 650 |
_2Tesauro de Arte & Arquitectura _aNOTICIAS |
||
| 651 |
_2Tesauro de Arte & Arquitectura _aSUBASTAS |
||
| 942 |
_2ddc _c1 _h700 _iA786l _n0 |
||
| 999 |
_c3685 _d3685 |
||